2020s NCAA National Champions Wrestling - Statistics

General Stats
  • This quiz has been taken 119 times
  • The average score is 25 of 40
Answer Stats
Hint Answer % Correct
2021 125 Iowa Spencer Lee
98%
2021 174 Penn State Carter Starocci
88%
2022 174 Penn State Carter Starocci
88%
2023 174 Penn State Carter Starocci
88%
2024 174 Penn State Carter Starocci
88%
2021 141 Penn State Nick Lee
88%
2022 141 Penn State Nick Lee
88%
2021 133 Penn State Roman Bravo Young
84%
2022 133 Penn State Roman Bravo Young
84%
2021 184 Penn State Aaron Brooks
80%
2022 184 Penn State Aaron Brooks
80%
2023 184 Penn State Aaron Brooks
80%
2024 197 Penn State Aaron Brooks
80%
2021 285 Minnesota Gable Steveson
78%
2022 285 Minnesota Gable Steveson
78%
2021 157 Iowa State David Carr
77%
2024 165 Iowa State David Carr
77%
2023 133 Cornell Vito Arujau
72%
2024 133 Cornell Vito Arujau
72%
2024 141 Ohio State Jesse Mendez
67%
2024 149 Virginia Tech Caleb Henson
66%
2023 285 Michigan Mason Parris
64%
2022 125 Michigan Nick Suriano
64%
2024 184 Northern Iowa Parker Keckeisen
64%
2022 149 Cornell Yianni Diakomihalis
61%
2023 149 Cornell Yianni Diakomihalis
61%
2024 285 Penn State Greg Kerkvliet
58%
2024 157 Penn State Levi Haines
58%
2023 125 Princeton Pat Glory
58%
2024 125 Arizona State Richard Figeuroa
58%
2021 197 Oklahoma State A.J. Ferrari
53%
2023 141 Northern Colorado Andrew Alirez
53%
2021 165 Stanford Shane Griffith
53%
2022 197 Penn State Max Dean
33%
2022 157 Northwestern Ryan Deakin
31%
2023 197 Pittsburgh Nino Bonaccorsi
30%
2021 149 North Carolina Austin O´Connor
3%
2023 157 North Carolina Austin O´Connor
3%
2022 165 Missouri Keegan O´Toole
3%
2023 165 Missouri Keegan O´Toole
3%
No matching quizzes found
Score Distribution
Percent of People with Each Score
Percentile by Number Answered
Your Score History
You have not taken this quiz